Welcome to CU Library Online Public Access Catalogue (OPAC)

Learning to program with Alice / (Record no. 1197)

MARC details
000 -LEADER
fixed length control field 01228cam a22003014a 4500
001 - CONTROL NUMBER
control field 14378324
005 - DATE AND TIME OF LATEST TRANSACTION
control field 20241114133944.0
008 - FIXED-LENGTH DATA ELEMENTS--GENERAL INFORMATION
fixed length control field 060516s2007 njua 001 0 eng
020 ## - INTERNATIONAL STANDARD BOOK NUMBER
International Standard Book Number 0132397757
020 ## - INTERNATIONAL STANDARD BOOK NUMBER
International Standard Book Number 9780132397759
050 00 - LIBRARY OF CONGRESS CALL NUMBER
Classification number QA76.64
Item number .D36 2007
082 00 - DEWEY DECIMAL CLASSIFICATION NUMBER
Classification number 005.1/17
Edition information 22
100 1# - MAIN ENTRY--PERSONAL NAME
Personal name Dann, Wanda P.
245 10 - TITLE STATEMENT
Title Learning to program with Alice /
Statement of responsibility, etc. Wanda P. Dann, Stephen Cooper, Randy Pausch.
250 ## - EDITION STATEMENT
Edition statement Brief ed.
260 ## - PUBLICATION, DISTRIBUTION, ETC.
Place of publication, distribution, etc. Upper Saddle River, NJ :
Name of publisher, distributor, etc. Pearson/Prentice Hall,
Date of publication, distribution, etc. c2007.
300 ## - PHYSICAL DESCRIPTION
Extent xv, 135 p. :
Other physical details ill. (chiefly col.) ;
Dimensions 26 cm. +
Accompanying material 1 CD-ROM (4 3/4 in.)
500 ## - GENERAL NOTE
General note Includes index.
650 #0 - SUBJECT ADDED ENTRY--TOPICAL TERM
Topical term or geographic name entry element Alice (Computer program language)
650 #0 - SUBJECT ADDED ENTRY--TOPICAL TERM
Topical term or geographic name entry element Object-oriented programming (Computer science)
General subdivision Computer-assisted instruction
-- Computer programs.
650 #0 - SUBJECT ADDED ENTRY--TOPICAL TERM
Topical term or geographic name entry element Object-oriented programming (Computer science)
General subdivision Study and teaching (Middle school)
-- Computer programs.
650 #0 - SUBJECT ADDED ENTRY--TOPICAL TERM
Topical term or geographic name entry element Computer animation
General subdivision Computer programs.
650 #0 - SUBJECT ADDED ENTRY--TOPICAL TERM
Topical term or geographic name entry element Three-dimensional display systems
General subdivision Computer programs.
700 1# - ADDED ENTRY--PERSONAL NAME
Personal name Cooper, Stephen
Fuller form of name (Stephen Charles)
700 1# - ADDED ENTRY--PERSONAL NAME
Personal name Pausch, Randy.
856 41 - ELECTRONIC LOCATION AND ACCESS
Materials specified Table of contents only
Uniform Resource Identifier <a href="http://www.loc.gov/catdir/toc/fy0705/2006047477.html">http://www.loc.gov/catdir/toc/fy0705/2006047477.html</a>
942 ## - ADDED ENTRY ELEMENTS (KOHA)
Source of classification or shelving scheme Library of Congress Classification
Koha item type Books
Suppress in OPAC No
999 ## -
-- 1197
-- 1197
Holdings
Withdrawn status Lost status Source of classification or shelving scheme Damaged status Not for loan Collection Home library Current library Shelving location Date acquired Total checkouts Full call number Barcode Date last seen Copy number Price effective from Koha item type
    Library of Congress Classification     Non-fiction Science Library (Miotso) Science Library (Miotso) General stacks 11/14/2024   QA76.64 . D36 DAN SLM00000591 11/14/2024 1 11/14/2024 Books
© 2023-2024 Copyright: Central University Libraries. All Rights Reserved | Created by: Mahone Tech Office